<?xml version="1.0" encoding="UTF-8"?><?xml-stylesheet type="text/xsl" href="static/style.xsl"?><OAI-PMH xmlns="http://www.openarchives.org/OAI/2.0/" xmlns:xsi="http://www.w3.org/2001/XMLSchema-instance" xsi:schemaLocation="http://www.openarchives.org/OAI/2.0/ http://www.openarchives.org/OAI/2.0/OAI-PMH.xsd"><responseDate>2026-04-14T08:16:19Z</responseDate><request verb="GetRecord" identifier="oai:www.recercat.cat:20.500.12328/1586" metadataPrefix="marc">https://recercat.cat/oai/request</request><GetRecord><record><header><identifier>oai:recercat.cat:20.500.12328/1586</identifier><datestamp>2025-05-20T00:01:53Z</datestamp><setSpec>com_2072_67741</setSpec><setSpec>col_2072_484352</setSpec></header><metadata><record xmlns="http://www.loc.gov/MARC21/slim" xmlns:dcterms="http://purl.org/dc/terms/" xmlns:xsi="http://www.w3.org/2001/XMLSchema-instance" xmlns:doc="http://www.lyncode.com/xoai" xsi:schemaLocation="http://www.loc.gov/MARC21/slim http://www.loc.gov/standards/marcxml/schema/MARC21slim.xsd">
   <leader>00925njm 22002777a 4500</leader>
   <datafield ind2=" " ind1=" " tag="042">
      <subfield code="a">dc</subfield>
   </datafield>
   <datafield ind2=" " ind1=" " tag="720">
      <subfield code="a">Marimon, Frederic</subfield>
      <subfield code="e">author</subfield>
   </datafield>
   <datafield ind2=" " ind1=" " tag="720">
      <subfield code="a">Mas-Machuca, Marta</subfield>
      <subfield code="e">author</subfield>
   </datafield>
   <datafield ind2=" " ind1=" " tag="720">
      <subfield code="a">Berbegal-Mirabent, Jasmina</subfield>
      <subfield code="e">author</subfield>
   </datafield>
   <datafield ind2=" " ind1=" " tag="260">
      <subfield code="c">2020</subfield>
   </datafield>
   <datafield ind2=" " ind1=" " tag="520">
      <subfield code="a">This study provides an innovative approach to the analysis of the antecedents of satisfaction. A discussion about different types of expectations and their configurations is presented, providing a new classification of services according to two temporal dimensions that affect expectations: (i) how the length of the service lead time has an impact on the assessment of fulfilment of expectations and (ii) how the repetitive purchasing over time updates expectations. We focus the analysis on the study of those cases where expectations cannot be directly assessed. The empirical application considers the case of higher education services. Using a survey of 2,557 undergraduate students who finished their degrees in 2013 at universities located in the Catalonia (Spain), we test a model where fulfilment of expectations is proposed as an antecedent of students’ satisfaction, alongside with perceived quality. The methodological approach uses structural equation modeling (SEM) technique. Results reveal that fulfilment of expectations has a high explanatory power and that this antecedent of satisfaction is well explained by the dimensions of perceived quality, evidencing its mediation role between quality and satisfaction.</subfield>
   </datafield>
   <datafield ind1="8" ind2=" " tag="024">
      <subfield code="a">Marimon Viadiu, Frederic; Mas-Machuca, Marta; Berbegal-Mirabent, Jasmina. Fulfilment of expectations on students’ perceived quality in the Catalan higher education system. Total Quality Management &amp; Business Excellence , 2020, 31(5-6), [p. 1-36]. Disponible en: &lt;https://www.tandfonline.com/doi/full/10.1080/14783363.2018.1433027?scroll=top&amp;needAccess=true>. Fecha de acceso: 17 jun. 2020. DOI: 10.1080/14783363.2018.1433027</subfield>
   </datafield>
   <datafield ind1="8" ind2=" " tag="024">
      <subfield code="a">1478-3363</subfield>
   </datafield>
   <datafield ind1="8" ind2=" " tag="024">
      <subfield code="a">http://hdl.handle.net/20.500.12328/1586</subfield>
   </datafield>
   <datafield ind1="8" ind2=" " tag="024">
      <subfield code="a">https://dx.doi.org/10.1080/14783363.2018.1433027</subfield>
   </datafield>
   <datafield tag="653" ind2=" " ind1=" ">
      <subfield code="a">Universidades</subfield>
   </datafield>
   <datafield tag="653" ind2=" " ind1=" ">
      <subfield code="a">Universitats</subfield>
   </datafield>
   <datafield tag="653" ind2=" " ind1=" ">
      <subfield code="a">Universities and colleges</subfield>
   </datafield>
   <datafield tag="653" ind2=" " ind1=" ">
      <subfield code="a">Estudiants universitaris</subfield>
   </datafield>
   <datafield tag="653" ind2=" " ind1=" ">
      <subfield code="a">College students</subfield>
   </datafield>
   <datafield tag="653" ind2=" " ind1=" ">
      <subfield code="a">Estudiantes universitarios</subfield>
   </datafield>
   <datafield tag="653" ind2=" " ind1=" ">
      <subfield code="a">Control de calidad</subfield>
   </datafield>
   <datafield tag="653" ind2=" " ind1=" ">
      <subfield code="a">Control de qualitat</subfield>
   </datafield>
   <datafield tag="653" ind2=" " ind1=" ">
      <subfield code="a">Quality control</subfield>
   </datafield>
   <datafield ind2="0" ind1="0" tag="245">
      <subfield code="a">Fulfilment of expectations on students’ perceived quality in the Catalan higher education system</subfield>
   </datafield>
</record></metadata></record></GetRecord></OAI-PMH>